Software Engineering (Record no. 4097)

MARC details
000 -LEADER
fixed length control field 00355nam a2200157Ia 4500
008 - FIXED-LENGTH DATA ELEMENTS--GENERAL INFORMATION
fixed length control field 191201s2013 xx 000 0 und d
020 ## - INTERNATIONAL STANDARD BOOK NUMBER
International Standard Book Number 9780071240833
082 ## - DEWEY DECIMAL CLASSIFICATION NUMBER
Classification number 005.1
Item number PRS
100 ## - MAIN ENTRY--PERSONAL NAME
Personal name PRESSMAN,Roger S
245 #0 - TITLE STATEMENT
Title Software Engineering
250 ## - EDITION STATEMENT
Edition statement 6th
260 ## - PUBLICATION, DISTRIBUTION, ETC. (IMPRINT)
Place of publication, distribution, etc N.Delhi
Name of publisher, distributor, etc TMH
Date of publication, distribution, etc 2013
300 ## - PHYSICAL DESCRIPTION
Extent 912
650 ## - SUBJECT ADDED ENTRY--TOPICAL TERM
Topical term or geographic name as entry element MCA
942 ## - ADDED ENTRY ELEMENTS (KOHA)
Source of classification or shelving scheme Dewey Decimal Classification
Koha item type Text Books
942 ## - ADDED ENTRY ELEMENTS (KOHA)
-- 5
Holdings
Withdrawn status Lost status Source of classification or shelving scheme Damaged status Not for loan Collection code Home library Current library Date acquired Source of acquisition Cost, normal purchase price Bill Number Total Checkouts Full call number Acc. no. / Barcode Date last seen Bill Date Koha item type Date last borrowed Checked out Public note
    Dewey Decimal Classification     Computer Science & Engineering in Cyber Security PIET C-LIBRARY PIET C-LIBRARY 27/12/2008 J B C, New Delhi 140.00 SI2135   005.1 PRS 13558 04/12/2019 12/08/2009 Text Books      
    Dewey Decimal Classification     Computer Science & Engineering in Cyber Security PIET C-LIBRARY PIET C-LIBRARY 27/12/2008 J B C, New Delhi 140.00 SI2135 3 005.1 PRS 13559 24/03/2021 12/08/2009 Text Books 12/03/2021    
    Dewey Decimal Classification     Computer Science & Engineering in Cyber Security PIET C-LIBRARY PIET C-LIBRARY 27/12/2008 J B C, New Delhi 140.00 SI2135   005.1 PRS 13560 04/12/2019 12/08/2009 Text Books      
    Dewey Decimal Classification     Computer Science & Engineering in Cyber Security PIET C-LIBRARY PIET C-LIBRARY 27/12/2008 J B C, New Delhi 140.00 SI2135 2 005.1 PRS 13561 21/01/2022 12/08/2009 Text Books 21/01/2022 20/07/2022 .
    Dewey Decimal Classification     Computer Science and Engineering in AI & Machine Learning PIET C-LIBRARY PIET C-LIBRARY 27/12/2008 J B C, New Delhi 140.00 SI2135 1 005.1 PRS 13562 21/01/2022 12/08/2009 Text Books 21/01/2022 20/07/2022 .

Design & Developed by: PIET Central Library
R70 Miles Stone Pattikalyana Samalkha Panipat 132102
mail ID :- [email protected], Phone No:- 0180-2569700 Ex.216